000 00815nab a2200253 u 4500
001 17225
003 HDC
007 cr bn ---aaaaa
008 210223c mydr|noo 0 a may d
040 _aHDC
100 _aRusdik Enchi
_eauthor
_916720
245 0 _aSabah mahu eksport daging ayam segar/
_cby Rusdik Enchi
260 _aMalaysia :
_bBerita Harian,
_c2002
336 _atext
_2rdacontent
337 _acomputer
_2rdamedia
338 _aonline resource
_2rdacarrier
650 _aentrepreneur
_91863
650 _aexport food
_916721
710 _aBerita Harian
856 _zRequest full-text at [email protected]
942 _2lcc
942 _cNEWS
942 _kNWSO 008606
999 _c14541
_d14541